ECW Managers, Valets and Bodyguards - Statistics

General Stats
  • This quiz has been taken 99 times
  • The average score is 10 of 26
Answer Stats
Answer % Correct
Francine
78%
Beulah McGillicutty
70%
Bill Alphonso
70%
Dawn Marie
70%
Paul Heyman
68%
Tammy Lynn Sytch
58%
Joel Gertner
55%
Woman
55%
Jason
45%
Jazz
38%
Kimona Wanalaya
38%
Missy Hyatt
35%
Judge Jeff Jones
33%
Lou E. Dangerously
33%
911
30%
Miss Congeniality
30%
The Sinister Minister
28%
Chastity
25%
Jack Victory
25%
Nicole Bass
23%
Peaches
20%
Sal E. Graziano
20%
Jasmine St. Claire
18%
Hunter Q. Robbins III
8%
Victor Quinones
8%
Lance Wright
5%
No matching quizzes found
Score Distribution
Percent of People with Each Score
Percentile by Number Answered
Your Score History
You have not taken this quiz